[Event "22nd SEA Games Team Standard"]
[Site "Ho Chi Minh City VIE"]
[Date "2003.12.07"]
[Round "1"]
[White "Chan,Marc"]
[Black "Paragua,M"]
[Result "0-1"]
[WhiteElo "2230"]
[BlackElo "2500"]

1.d4 Nf6 2.c4 g6 3.Nc3 Bg7 4.e4 d6 5.Nf3 O-O 6.Be2 e5 7.O-O Nbd7 8.Be3 Qe7
9.d5 Ng4 10.Bg5 f6 11.Bc1 Nh6 12.b4 Nf7 13.Nd2 f5 14.Nb3 Nf6 15.f3 f4 16.c5 h5
17.Re1 g5 18.Ba3 g4 19.b5 Ng5 20.Kh1 h4 21.b6 axb6 22.cxd6 cxd6 23.Bb4 h3
24.gxh3 Nxh3 25.Rf1 g3 26.Qc2 Nh5 27.Bb5 gxh2 28.Ne2 Ng3+ 29.Nxg3 fxg3 30.Be1 Nf2+
31.Bxf2 gxf2 32.Rxf2 Bh3 33.Bf1 Bd7 34.Bg2 Bh6 35.Qd3 Bf4 36.Rc2 Kh8 37.Nd2 Rg8
38.Nc4 Bb5 39.Qb3 Ba4 40.Qb2 Bxc2 41.Qxc2 Rac8  0-1

[Event "TCh-AUT B Mitte 2003-4"]
[Site "Trofaiach AUT"]
[Date "2003.12.07"]
[Round "4"]
[White "Timoscenko,G"]
[Black "Ebner,H"]
[Result "1-0"]
[WhiteElo "2512"]
[BlackElo "2258"]

1.d4 Nf6 2.c4 g6 3.Nc3 Bg7 4.e4 d6 5.Nf3 O-O 6.Be2 e5 7.Be3 Ng4 8.Bg5 f6
9.Bh4 Nc6 10.d5 Ne7 11.Nd2 h5 12.h3 Nh6 13.g4 g5 14.Bg3 h4 15.Bh2 c5 16.a3 Ng6
17.b4 b6 18.Rb1 Nf7 19.f3 Nf4 20.Bf1 Bd7 21.Bg1 Qe7 22.Be3 Rfb8 23.Rb3 Qd8
24.Rh2 Bf8 25.Ndb1 Be7 26.Rhb2 Qc8 27.Nd2 Bd8 28.Qb1 Bc7 29.Nb5 Kg7 30.Kf2 Qd8
31.Kg1 Rc8 32.Bf2 Qe7 33.Nc3 Qe8 34.Nd1 Ba4 35.Rc3 a5 36.Ne3 axb4 37.Nf5+ Kf8
38.axb4 Bd7 39.Rcb3 Rcb8 40.Ra2 Qd8 41.Rba3 Rxa3 42.Rxa3 Ra8 43.Qa1 Rxa3
44.Qxa3 Qb8 45.Nb1 Qb7 46.Be3 Bb8 47.Qb2 Qa7 48.Nc3 Bxf5 49.exf5 Kg7 50.bxc5 bxc5
51.Ne4 Bc7 52.Qb5 Ba5 53.Qe8 Qc7 54.Bxf4 exf4 55.Qe6 Qd8 56.Bd3 Bc7 57.Bc2 Ne5
58.Kf2 Nxc4 59.Nxg5 fxg5 60.Qg6+ Kf8 61.f6 Qd7 62.Qh6+ Ke8 63.Qh8+ Kf7 64.Qg7+  1-0

[Event "22nd SEA Games Standard w"]
[Site "Ho Chi Minh City VIE"]
[Date "2003.12.09"]
[Round "2"]
[White "Zakiah,A"]
[Black "Lumongdong,L"]
[Result "1/2-1/2"]
[WhiteElo "2050"]
[BlackElo "2150"]

1.d4 Nf6 2.c4 g6 3.Nc3 Bg7 4.e4 d6 5.Nf3 O-O 6.Be2 e5 7.dxe5 dxe5 8.Qxd8 Rxd8
9.Bg5 Re8 10.Bxf6 Bxf6 11.Nd5 Bd8 12.O-O c6 13.Nc3 Na6 14.Rfd1 f6 15.a3 Be7
16.Rd2 Bg4 17.h3 Bxf3 18.Bxf3 Rad8 19.Rad1 Rxd2 20.Rxd2 Rd8 21.Rxd8+ Bxd8  1/2-1/2

[Event "22nd SEA Games Standard"]
[Site "Ho Chi Minh City VIE"]
[Date "2003.12.10"]
[Round "4"]
[White "Barus,C"]
[Black "Chaivichit,S"]
[Result "1/2-1/2"]
[WhiteElo "2503"]
[BlackElo "2264"]

1.d4 Nf6 2.c4 g6 3.Nc3 Bg7 4.e4 d6 5.Nf3 O-O 6.Be2 e5 7.Be3 exd4 8.Nxd4 Re8
9.f3 c6 10.Bf2 d5 11.exd5 cxd5 12.O-O dxc4 13.Bxc4 Nh5 14.Qd2 Nc6 15.Rad1 Nxd4
16.Bxd4 Qxd4+ 17.Qxd4 Bxd4+ 18.Rxd4 Be6 19.Bxe6 Rxe6 20.Rfd1 Rae8 21.Kf2 Nf6
22.Rd8 Kg7 23.Rxe8 Rxe8 24.Rd6 Re5 25.a3 h5 26.Rd4 Rc5 27.Ra4 Nd5 28.Nxd5 Rxd5
29.Rxa7 Rd2+  1/2-1/2

[Event "6th Open"]
[Site "Tanta City EGY"]
[Date "2003.12.11"]
[Round "5"]
[White "Manolache,M"]
[Black "Miroshnichenko,E"]
[Result "0-1"]
[WhiteElo "2457"]
[BlackElo "2571"]

1.d4 Nf6 2.c4 g6 3.Nc3 Bg7 4.Nf3 O-O 5.e4 d6 6.Be2 e5 7.O-O Na6 8.a3 exd4
9.Nxd4 Nc5 10.f3 a5 11.Rb1 a4 12.Bg5 c6 13.Kh1 Qa5 14.Qd2 Nfxe4 15.fxe4 Bxd4
16.Qxd4 Ne6 17.Qxd6 Qxg5 18.h3 Rd8 19.Qh2 Nc5 20.h4 Qe7 21.h5 Be6 22.Rbe1 Qg5
23.Rf4 Qe5 24.Ref1 g5 25.Qg3 Kh8 26.Rg4 Qxg3 27.Rxg3 h6 28.Rgf3 Kg7 29.R1f2 Rd4
30.Kh2 Nxe4 31.Nxe4 Rxe4 32.Rc3 Rd8 33.Bd3 Re3 34.Bf5 Rxc3 35.Bxe6 fxe6 36.bxc3 e5
37.Rf5 Re8 38.Kg1 b6 39.Rf2 Rf8 40.Re2 Rf5 41.c5 b5 42.Rd2 e4 43.Rd7+ Kf6
44.Rd6+ Ke7 45.Rd4 Rxc5 46.Rxe4+ Kf6 47.Re3 g4 48.Kf2 Rxh5 49.c4 bxc4 50.Rc3 Rc5
51.Ke3 Ke5 52.g3 h5 53.Rc2 c3 54.Kd3 Kd5 55.Rh2 c2 56.Rxh5+ Kd6 57.Rxc5 Kxc5
58.Kxc2 Kc4  0-1

[Event "ch-IND National A"]
[Site "Calicut IND"]
[Date "2003.12.12"]
[Round "12"]
[White "Kunte,A"]
[Black "Satyapragyan,S"]
[Result "1-0"]
[WhiteElo "2535"]
[BlackElo "2415"]

1.d4 Nf6 2.c4 g6 3.Nf3 Bg7 4.Nc3 O-O 5.e4 d6 6.Be2 e5 7.Be3 exd4 8.Nxd4 Re8
9.f3 c6 10.Qd2 d5 11.exd5 cxd5 12.c5 Nc6 13.O-O Nh5 14.Rfd1 Be5 15.g3 Ng7
16.Bb5 Bd7 17.Bxc6 bxc6 18.Bf2 Rb8 19.Nce2 Qf6 20.Rac1 h5 21.Rc3 Bc7 22.Re3 h4
23.b4 hxg3 24.hxg3 Ne6 25.Kg2 a5 26.a3 axb4 27.axb4 Ng7 28.Ra1 Nf5 29.Rxe8+ Rxe8
30.Rh1 Qe5 31.Nxf5 Bxf5 32.Nf4 Qg7 33.b5 cxb5 34.Nxd5 Be5 35.c6 Be6 36.c7 f6
37.Rc1 Rc8 38.Nf4 Bf5 39.g4 Qd7 40.Qd5+ Qf7 41.Qd8+ Qf8 42.Qd2 Qd6 43.Nd5 Be6
44.Qh6 Bxd5 45.Qxg6+ Kf8 46.Bc5  1-0

[Event "II Open"]
[Site "San Salvador ESA"]
[Date "2003.12.13"]
[Round "8"]
[White "Golod,V"]
[Black "Nedev,T"]
[Result "1/2-1/2"]
[WhiteElo "2544"]
[BlackElo "2480"]

1.d4 Nf6 2.c4 g6 3.Nc3 Bg7 4.e4 O-O 5.Nf3 d6 6.Be2 e5 7.d5 a5 8.Bg5 h6 9.Bh4 Na6
10.Nd2 Bd7 11.a3 Qe8 12.b3 Nh7 13.O-O f5 14.exf5 gxf5 15.Bh5 Qb8 16.Be7 Re8
17.Bxe8 Qxe8 18.Bh4 e4 19.Rc1 Nc5 20.Kh1 Qg6 21.Ne2 Nd3 22.Rc2 Qh5 23.Bg3 Nb2
24.Qe1 Nd3 25.Qd1 Nb2  1/2-1/2

[Event "ch-IND National A"]
[Site "Calicut IND"]
[Date "2003.12.17"]
[Round "20"]
[White "Sundararajan,K"]
[Black "Thipsay,P"]
[Result "1-0"]
[WhiteElo "2446"]
[BlackElo "2486"]

1.d4 Nf6 2.c4 g6 3.Nc3 Bg7 4.e4 d6 5.Nf3 O-O 6.Be2 Na6 7.O-O e5 8.Be3 Ng4
9.Bg5 Qe8 10.dxe5 dxe5 11.h3 h6 12.Bd2 Nf6 13.Be3 Qe7 14.Nd5 Qd8 15.Qc2 Nd7
16.Rad1 c6 17.Nc3 Qe7 18.a3 Nac5 19.b4 Ne6 20.c5 Re8 21.Rfe1 Bf8 22.Bc4 Qf6
23.Re2 g5 24.Red2 Nb8 25.Nh2 h5 26.Ne2 b6 27.Ng3 Nf4 28.Bxf4 gxf4 29.Nxh5 Qg5
30.Ng4 Be7 31.Qb3 Rf8 32.Bxf7+ Rxf7 33.Rd8+ Bxd8 34.Nxe5 Qxh5 35.Rxd8+ Kg7
36.Nxf7 Nd7 37.Nd6 Nf6 38.Nxc8 Qe5 39.Qd1 bxc5 40.bxc5 Rb8 41.Qd6 Qxd6 42.cxd6 Nxe4
43.Re8 Rb1+ 44.Kh2 Nxf2 45.g4 Rd1 46.Kg2 Rd2 47.d7 Nxg4+ 48.Kf3 Nh2+ 49.Kxf4 Rxd7
50.Re7+ Rxe7 51.Nxe7 c5 52.Nf5+ Kf6 53.Ne3 a5 54.Kg3 Ke5 55.Kxh2 Kd4 56.Nd1 Kd3
57.h4 Kc2 58.Ne3+ Kd3 59.Nd5 Ke4 60.Nb6  1-0

[Event "Christmas Open"]
[Site "Zadar CRO"]
[Date "2003.12.17"]
[Round "4"]
[White "Bilobrk,F"]
[Black "Kozul,Z"]
[Result "0-1"]
[WhiteElo "2350"]
[BlackElo "2597"]

1.d4 Nf6 2.Nf3 g6 3.c4 Bg7 4.Nc3 O-O 5.e4 d6 6.Be2 e5 7.O-O Na6 8.Re1 Qe8
9.Bf1 Bg4 10.d5 Nb4 11.Be2 a5 12.Rb1 Na6 13.Bg5 Bd7 14.Qd2 Kh8 15.h3 Nc5
16.Bf1 Ng8 17.Nh2 f5 18.exf5 gxf5 19.f4 Qg6 20.Nf3 Rae8 21.fxe5 dxe5 22.Be3 b6
23.Rbd1 Qd6 24.Kh1 Nf6 25.Qc1 Nh5 26.Bf2 e4 27.Nd4 Ng3+ 28.Kg1 Nxf1 29.Rxf1 f4
30.Ndb5 Qg6 31.Bxc5 Bxh3 32.Qc2 bxc5 33.Nxc7 Re5 34.N7b5 Bxg2 35.Qxg2 Rg5
36.Rd2 f3  0-1

[Event "4th NAO IM"]
[Site "Paris FRA"]
[Date "2003.12.18"]
[Round "4"]
[White "Glicenstein,A"]
[Black "Chabanon,JL"]
[Result "1/2-1/2"]
[WhiteElo "2339"]
[BlackElo "2438"]

1.Nf3 Nf6 2.c4 g6 3.Nc3 Bg7 4.e4 d6 5.d4 O-O 6.Be2 Nbd7 7.O-O e5 8.Be3 Ng4
9.Bg5 f6 10.Bc1 Nh6 11.Qc2 Nf7 12.Rd1 Kh8 13.Be3 b6 14.b4 a5 15.a3 Re8 16.c5 bxc5
17.bxc5 exd4 18.Nxd4 Ba6 19.Bg4 Nde5 20.Ne6 Qc8 21.Nxg7 Qxg4 22.Nxe8 Rxe8
23.f4 Nf3+ 24.Kf2 Nxh2 25.Rh1 Qh4+ 26.Kg1 Qg3 27.Qf2 Qxf2+ 28.Bxf2 Ng4 29.cxd6 Nxd6
30.Re1 Nc4  1/2-1/2

[Event "Lindsborg Open"]
[Site "Kansas USA"]
[Date "2003.12.21"]
[Round "5"]
[White "Yermolinsky,A"]
[Black "Perelshteyn,E"]
[Result "1/2-1/2"]
[WhiteElo "2546"]
[BlackElo "2488"]

1.Nf3 Nf6 2.c4 g6 3.Nc3 Bg7 4.e4 d6 5.d4 O-O 6.Be2 Na6 7.O-O e5 8.Re1 Bg4
9.d5 Nc5 10.Bg5 a5 11.Nd2 Bd7 12.Nb3 h6 13.Bh4 b6 14.Nxc5 bxc5 15.f3 Qc8
16.a3 Nh7 17.Rb1 a4 18.b4  1/2-1/2

[Event "Christmas Open"]
[Site "Zadar CRO"]
[Date "2003.12.21"]
[Round "9"]
[White "Bilobrk,F"]
[Black "Bosiocic,Mari"]
[Result "1-0"]
[WhiteElo "2350"]
[BlackElo "2178"]

1.d4 Nf6 2.Nf3 g6 3.c4 Bg7 4.Nc3 O-O 5.e4 d6 6.Be2 e5 7.O-O Na6 8.Re1 Qe8
9.Bg5 h6 10.Bxf6 Bxf6 11.c5 Bg7 12.Bxa6 bxa6 13.Nd5 Qd8 14.dxe5 dxe5 15.Qa4 Bg4
16.Qxa6 Rc8 17.c6 f5 18.Qxc8 Qd6 19.Qd7  1-0

[Event "North American Open"]
[Site "Las Vegas USA"]
[Date "2003.12.27"]
[Round "2"]
[White "Kaidanov,G"]
[Black "Matikozian,A"]
[Result "1-0"]
[WhiteElo "2624"]
[BlackElo "2450"]

1.d4 Nf6 2.c4 g6 3.Nc3 Bg7 4.e4 d6 5.Be2 O-O 6.Nf3 e5 7.Be3 exd4 8.Nxd4 Re8
9.f3 Nc6 10.O-O Nh5 11.Qd2 f5 12.Nxc6 bxc6 13.exf5 gxf5 14.f4 Nf6 15.Bf3 Bd7
16.Rae1 Qb8 17.Ne2 a5 18.Bd4 Qb4 19.Qc2 a4 20.Rd1 Rab8 21.Ng3 c5 22.Bc3 Qxc4
23.Nxf5 Bh8 24.Rf2 Kf8 25.Bd5 Qxd5 26.Rxd5 Nxd5 27.Bxh8 Kg8 28.Bc3  1-0

[Event "Open"]
[Site "Lilie Litomysl CZE"]
[Date "2003.12.27"]
[Round "3"]
[White "Vales,V"]
[Black "Groetz,H"]
[Result "0-1"]
[WhiteElo "2213"]
[BlackElo "2359"]

1.d4 Nf6 2.Nf3 g6 3.c4 Bg7 4.Nc3 O-O 5.e4 d6 6.Be2 e5 7.O-O Na6 8.Re1 c6
9.Rb1 exd4 10.Nxd4 Nc5 11.f3 a5 12.Bf1 Re8 13.Bg5 h6 14.Bh4 Qc7 15.Qd2 Kh7
16.Red1 Nh5 17.Bf2 Be5 18.g3 Qe7 19.Nde2 f5 20.Bg2 fxe4 21.fxe4 Be6 22.Nf4 Bg4
23.Re1 Nf6 24.h3 Bc8 25.Re3 Qg7 26.Rbe1 Rf8 27.Nd3 Nxd3 28.Rxd3 Nh5 29.Nd1 Be6
30.b3 Qe7 31.Nb2 Rf7 32.Re2 Raf8 33.Be1 Qc7 34.Qe3 Qc8 35.Kh2 Nf4 36.Rdd2 Nxh3
37.Nd3 Bg7 38.e5 d5 39.cxd5 Bg4 40.Bxh3 Bxh3 41.e6 Rf3 42.Qc5 Bf1 43.d6 Bxe2
44.d7 Qd8 45.Rxe2 b6 46.Qd6 Qg5 47.e7 R8f5 48.e8=Q Qh5+ 49.Kg2 Rxg3+ 50.Bxg3 Qf3+
51.Kg1 Qf1+ 52.Kh2 Rh5+ 53.Bh4 Rxh4+ 54.Kg3 Rh3+  0-1

[Event "33rd Rilton Cup"]
[Site "Stockholm SWE"]
[Date "2003.12.27"]
[Round "1"]
[White "Volke,K"]
[Black "Luna,G"]
[Result "1-0"]
[WhiteElo "2467"]
[BlackElo "2160"]

1.c4 Nf6 2.Nf3 g6 3.Nc3 Bg7 4.e4 d6 5.d4 O-O 6.Be2 e5 7.d5 Nbd7 8.Bg5 h6
9.Bh4 Qe8 10.Nd2 a6 11.O-O Rb8 12.b4 g5 13.Bg3 Qe7 14.h3 Re8 15.Rc1 Nf8 16.c5 Ng6
17.b5 dxc5 18.bxa6 bxa6 19.Nc4 Nf4 20.Re1 Bd7 21.Bf1 Ng6 22.Rb1 g4 23.hxg4 Bxg4
24.Be2 h5 25.Rxb8 Rxb8 26.Ne3 Bh6 27.Nxg4 hxg4 28.Bxa6 c4 29.Qc2 Nh5 30.Ne2 Qb4
31.Rd1 c3 32.Qxc3 Nxg3 33.Qxg3 Qa4 34.Qd3 Qxa2 35.Bc4 Qa7 36.d6 cxd6 37.Qxd6 Kg7
38.Ng3 Rb2 39.Nh5+ Kh7 40.Nf6+ Kg7 41.Nxg4 Bg5 42.Qd7 Qxd7 43.Rxd7 Be7 44.g3 Rb8
45.Ne3 Kf8 46.Rc7 Ke8 47.Nf5 Kf8 48.Kg2 Rd8 49.Bd5 Rb8 50.Nh6 Nh8 51.Kh3 Ke8
52.Kg4 Kd8 53.Ra7 Ke8 54.Kf5  1-0

[Event "12th Donau Open"]
[Site "Aschach GER"]
[Date "2003.12.28"]
[Round "4"]
[White "Cifka,S"]
[Black "Tratar,M"]
[Result "1/2-1/2"]
[WhiteElo "2266"]
[BlackElo "2452"]

1.d4 d6 2.Nf3 Nf6 3.c4 g6 4.Nc3 Bg7 5.e4 O-O 6.Be2 Na6 7.O-O e5 8.Be3 Ng4
9.Bg5 Qe8 10.Re1 c6 11.h3 f6 12.Bc1 Nh6 13.Bf1 Nf7 14.Rb1 f5 15.a3 f4 16.b4 exd4
17.Na2 c5 18.Bxf4 b6 19.Nc1 Be6 20.Bg3 Nb8 21.Qc2 Nc6 22.Nd3 Qe7 23.e5 Ncxe5
24.Nfxe5 dxe5 25.Bxe5 Nxe5 26.Nxe5 Bxe5 27.Rxe5 Qd6 28.Rbe1 Rae8 29.bxc5 bxc5
30.Bd3 Bd7 31.f4 Bc6 32.Be4 Rxe5 33.fxe5 Qe6 34.Bxc6 Qxc6 35.e6 Re8 36.Qe2 Qd6
37.Qe5 Qxe5 38.Rxe5 Rc8 39.Kf2 Kf8 40.Kf3 Ke7 41.Ke4 Rc6 42.Kd3 Rc7 43.Ke4 Kd6
44.g4 Rc8 45.e7 Re8 46.Rd5+ Kc6 47.Re5  1/2-1/2

[Event "24th Open"]
[Site "Bethune FRA"]
[Date "2003.12.28"]
[Round "4"]
[White "Bunzmann,D"]
[Black "Bojkov,D"]
[Result "1-0"]
[WhiteElo "2542"]
[BlackElo "2398"]

1.d4 Nf6 2.c4 g6 3.Nc3 Bg7 4.e4 d6 5.Nf3 O-O 6.Be2 e5 7.O-O Na6 8.Re1 c6
9.Bf1 Bg4 10.d5 c5 11.a3 Kh8 12.Bg5 Qb8 13.Rb1 Ng8 14.Be2 f6 15.Bd2 Bh6 16.b4 Qd8
17.Na4 Bxd2 18.Qxd2 Bd7 19.Nc3 Rf7 20.Rf1 Qf8 21.Ne1 b6 22.Nd3 Re8 23.bxc5 Nxc5
24.Nxc5 bxc5 25.Rb7 Bc8 26.Rxf7 Qxf7 27.Nb5 Qd7 28.Qa5 Re7 29.Rb1 Kg7 30.Nc3 Nh6
31.Rb8 Nf7 32.Bd1 a6 33.Ba4 Qc7 34.Qxc7 Rxc7 35.Kf1 f5 36.Rb6 Bb7 37.Be8 Ng5
38.exf5 gxf5 39.Rxd6 Re7 40.h4  1-0

[Event "24th Open"]
[Site "Bethune FRA"]
[Date "2003.12.28"]
[Round "4"]
[White "Shchekachev,A"]
[Black "Degraeve,JM"]
[Result "1-0"]
[WhiteElo "2522"]
[BlackElo "2562"]

1.Nf3 Nf6 2.c4 g6 3.Nc3 Bg7 4.e4 d6 5.d4 O-O 6.Be2 e5 7.Be3 Na6 8.O-O Qe7
9.Bg5 Qe8 10.Re1 h6 11.Bxf6 Bxf6 12.c5 Nb4 13.cxd6 cxd6 14.Nb5 Qe7 15.Qd2 Nc6
16.d5 Nd4 17.Nfxd4 exd4 18.Bf1 Bd7 19.Nxd4 Rac8 20.Rad1 Rfe8 21.h3 g5 22.Qb4 Rc7
23.Nf3 Rc2 24.Rd2 Rxd2 25.Qxd2 Rc8 26.Bd3 Kg7 27.Qb4 Be8 28.a4 b6 29.e5 dxe5
30.d6 Qe6 31.Nd4 Qd5 32.Nf5+ Kh8 33.Bb1 Bd7 34.Nxh6 Rc6 35.Be4 Qxd6 36.Nxf7+  1-0

[Event "Open"]
[Site "Lilie Litomysl CZE"]
[Date "2003.12.28"]
[Round "4"]
[White "Stodolova,K"]
[Black "Fiser,J"]
[Result "0-1"]
[WhiteElo "2000"]
[BlackElo "2128"]

1.d4 Nf6 2.c4 g6 3.Nc3 Bg7 4.e4 O-O 5.Nf3 d6 6.Be2 e5 7.dxe5 dxe5 8.Qxd8 Rxd8
9.Bg5 Re8 10.O-O-O h6 11.Bh4 Na6 12.Nd2 c6 13.h3 Nc7 14.g4 Ne6 15.f3 Nd7
16.Bf2 Bf8 17.Nb3 a5 18.Na4 c5 19.h4 Nd4 20.Nc3 Nb6 21.Nxd4 exd4 22.Nb5 Re7
23.Bg3 Be6 24.b3 a4 25.Kb1 f6 26.Rh2 axb3 27.axb3 Bd7 28.Nc7 Ra7 29.Bd3 Bc6
30.Bd6 Rf7 31.Bxf8 Rxf8 32.Ne6 Rfa8 33.Rb2 Ra1+ 34.Kc2 Rxd1 35.Kxd1 Nd7 36.b4 b6
37.bxc5 bxc5 38.Ke2 Ra1 39.Nd8 Ba4 40.Bb1 Kf8 41.Ne6+ Ke7 42.Nf4 Kf7 43.Nd5 Bc6
44.f4 g5 45.hxg5 hxg5 46.e5 gxf4 47.exf6 Bxd5 48.cxd5 Kxf6 49.Bf5 Ne5 50.Rb6+ Kg5
51.d6 f3+ 52.Kf2 Ra2+ 53.Kf1 Nc4  0-1

[Event "Eastern Open"]
[Site "Washington USA"]
[Date "2003.12.28"]
[Round "5"]
[White "Rubenchik,R"]
[Black "Sherzer,A"]
[Result "0-1"]
[WhiteElo "2331"]
[BlackElo "2494"]

1.Nf3 Nf6 2.c4 g6 3.Nc3 Bg7 4.e4 d6 5.d4 O-O 6.Be2 e5 7.dxe5 dxe5 8.Qxd8 Rxd8
9.Bg5 Re8 10.Nd5 Nxd5 11.cxd5 c6 12.Bc4 cxd5 13.Bxd5 Nd7 14.Nd2 Nc5 15.Ke2 Ne6
16.Bxe6 Bxe6 17.Rhc1 Rac8 18.Be3 a6 19.b3 f5 20.f3 b5 21.a4 b4 22.Nc4 Bf8
23.Na5 fxe4 24.fxe4 Bg4+ 25.Ke1 Rc3 26.Rxc3 bxc3 27.h3 Be6 28.Ke2 Rb8 29.Rb1 Rb4
30.Kd3 Rxe4 31.Kxe4 Bf5+ 32.Kxe5 Bxb1 33.Bc1 h5 34.Kd4 Bg7+ 35.Kc4 Be4 36.g3 Bg2
37.h4 Be5 38.b4 c2 39.b5 axb5+ 40.axb5 Bxg3 41.Kd3 Bxh4 42.Kxc2 Bg3  0-1

[Event "North American Open"]
[Site "Las Vegas USA"]
[Date "2003.12.29"]
[Round "6"]
[White "Sharavdorj,D"]
[Black "Eisen,L"]
[Result "1-0"]
[WhiteElo "2411"]
[BlackElo "2238"]

1.d4 Nf6 2.Nf3 g6 3.c4 Bg7 4.Nc3 O-O 5.e4 d6 6.Be2 e5 7.O-O Na6 8.Be3 Ng4
9.Bg5 Qe8 10.dxe5 dxe5 11.h3 Nf6 12.Be3 Nh5 13.Re1 Nf4 14.Bf1 c6 15.Bxf4 exf4
16.Qd6 Bxc3 17.bxc3 b6 18.Qxf4 Kg7 19.e5 Qe7 20.Rad1 Nc5 21.Rd6 Ne6 22.Qe4 Bb7
23.Nd4 c5 24.Nxe6+ fxe6 25.Qe3 Rad8 26.Red1 Rxd6 27.exd6 Qf6 28.f4 Bc6 29.Be2 Rd8
30.Bg4 Kf7 31.h4 Qxh4 32.Bxe6+ Kg7 33.Qe5+ Qf6 34.d7 Qxe5 35.fxe5 Kf8 36.Rf1+ Ke7
37.Bd5 Bxd5 38.cxd5 Rxd7 39.c4 b5 40.e6 Rd8 41.Rf7+ Ke8 42.Rxh7 bxc4 43.Rxa7  1-0

[Event "Open"]
[Site "Lilie Litomysl CZE"]
[Date "2003.12.29"]
[Round "6"]
[White "Vales,V"]
[Black "Karlik,V"]
[Result "1/2-1/2"]
[WhiteElo "2213"]
[BlackElo "2296"]

1.d4 Nf6 2.Nf3 g6 3.c4 Bg7 4.Nc3 O-O 5.e4 d6 6.Be2 Na6 7.O-O e5 8.Re1 c6
9.Rb1 exd4 10.Nxd4 Re8 11.f3 Nh5 12.g4 Nf6 13.Bg5 Qa5 14.Bh4 Qb6 15.Bf2 Qd8
16.Nc2 h5 17.h3 Nc5 18.Qd2 hxg4 19.hxg4 b6 20.Red1 Nb7 21.Bg3 Nd7 22.Kg2 Ne5
23.Ne3 Qe7  1/2-1/2

[Event "33rd Rilton Cup"]
[Site "Stockholm SWE"]
[Date "2003.12.29"]
[Round "3"]
[White "Volke,K"]
[Black "Osttveit,M"]
[Result "1-0"]
[WhiteElo "2467"]
[BlackElo "2040"]

1.c4 Nf6 2.Nf3 g6 3.Nc3 Bg7 4.e4 d6 5.d4 O-O 6.Be2 e5 7.d5 Na6 8.Bg5 h6 9.Bh4 Qe8
10.Nd2 Bd7 11.O-O Nh7 12.a3 h5 13.f3 Bh6 14.b4 f6 15.Bf2 Rf7 16.c5 Rg7 17.Nb3 Nb8
18.Na5 b6 19.Nc4 Qe7 20.a4 f5 21.c6 Bc8 22.a5 bxa5 23.Rxa5 Nf6 24.b5 f4 25.b6 cxb6
26.Nxb6 Qd8 27.Ra2 g5 28.Nxa8  1-0

[Event "Eastern Open"]
[Site "Washington USA"]
[Date "2003.12.29"]
[Round "7"]
[White "Beckman,T"]
[Black "Kaufman,La"]
[Result "0-1"]
[WhiteElo "2082"]
[BlackElo "2391"]

1.d4 Nf6 2.c4 g6 3.Nc3 Bg7 4.e4 d6 5.Nf3 O-O 6.Be2 Na6 7.O-O e5 8.Be3 Ng4
9.Bg5 Qe8 10.h3 h6 11.Bc1 exd4 12.Nxd4 Nf6 13.Bf3 Nc5 14.Ndb5 Ne6 15.Nd5 Qd8
16.Be3 a6 17.Nbc3 Nd7 18.Qd2 Ng5 19.Be2 Re8 20.f3 c6 21.Nf4 Bf8 22.Bf2 b5
23.a3 Ne5 24.cxb5 axb5 25.b4 Qf6 26.Bg3 Bg7 27.h4 Nc4 28.Bxc4 Qxc3 29.Qxc3 Bxc3
30.Bxb5 cxb5 31.hxg5 Bxa1 32.Rxa1 hxg5 33.Nd5 Rd8 34.Nc7 Rb8 35.Rd1 Rb7 36.Rxd6 Rxd6
37.Bxd6 Bd7 38.g4 Bc6 39.Nd5 Bxd5 40.exd5 Rd7 41.Bc5 Rxd5 42.Kf2 f6 43.Ke3 Rd1
44.Bd4 Kf7 45.Bc3 Ke6 46.Ke2 Rb1 47.Kd3 Rb3 48.Kd4 Rxa3  0-1

[Event "12th Donau Open"]
[Site "Aschach GER"]
[Date "2003.12.30"]
[Round "6"]
[White "Biedekoepper,R"]
[Black "Butunoi,A"]
[Result "0-1"]
[WhiteElo "2194"]
[BlackElo "2380"]

1.c4 g6 2.Nc3 Bg7 3.d4 d6 4.Nf3 Nf6 5.e4 O-O 6.Be2 Na6 7.O-O e5 8.d5 Nc5
9.Qc2 a5 10.Ne1 Nfd7 11.Bg4 f5 12.Bh3 Nb6 13.Qe2 Qh4 14.Nf3 Qh5 15.exf5 gxf5
16.Be3 e4 17.Nd2 Qg6 18.f4 Nd3 19.Rab1 Bd7 20.Kh1 Rf7 21.Nd1 Na4 22.Nb3 c5
23.Nc1 Nxc1 24.Rxc1 b5 25.b3 Nb6 26.Rc2 a4 27.Bc1 axb3 28.axb3 bxc4 29.bxc4 Bd4
30.Ra2 Rff8 31.Ne3 Na4 32.Nd1 Rab8 33.Qc2 Ra8 34.Bd2 Nb6 35.Ne3 Rxa2 36.Qxa2 Ra8
37.Qb3 Ra6 38.Rc1 Qf6 39.Qb1 h5 40.Qb3 Kf7 41.g3 Ke7 42.Bf1 Na4 43.Rb1 Nc3
44.Rc1 Na2 45.Rb1 Nb4 46.Re1 Ba4 47.Qb1 Bxe3 48.Rxe3 Bc2 49.Qe1 Qa1 50.Kg1 Qxe1
51.Bxe1 Ra1 52.Bc3 Rb1 53.Kg2 Bd1 54.Re1  0-1

[Event "12th Donau Open"]
[Site "Aschach GER"]
[Date "2003.12.31"]
[Round "7"]
[White "Knoll,H"]
[Black "Priborsky,J"]
[Result "1-0"]
[WhiteElo "2364"]
[BlackElo "2220"]

1.d4 Nf6 2.Nf3 g6 3.c4 Bg7 4.Nc3 O-O 5.e4 d6 6.Be2 e5 7.d5 a5 8.Be3 Ng4 9.Bg5 f6
10.Bh4 Na6 11.Nd2 Nh6 12.f3 Qe8 13.a3 Bd7 14.b3 f5 15.O-O f4 16.Rb1 g5 17.Bf2 Qg6
18.h3 Nf7 19.b4 axb4 20.axb4 h5 21.c5 Nh6 22.c6 bxc6 23.dxc6 Be6 24.Nd5 Rf7
25.b5 Nc5 26.Bxc5 dxc5 27.Bc4 g4 28.hxg4 hxg4 29.Kf2 gxf3 30.gxf3 Qg3+ 31.Ke2 Ng4
32.Qe1 Qg2+ 33.Kd1 Bxd5 34.Bxd5 Ne3+ 35.Kc1 Nxd5 36.exd5 e4 37.Rg1 Qh2 38.Rh1 Qg2
39.Qf1 exf3 40.Qxf3 Qg5 41.d6 Qe5 42.dxc7 Rxc7 43.b6 Rf7 44.c7 Re8 45.Qb3 Qd4
46.b7 c4 47.c8=Q  1-0

[Event "Open"]
[Site "Lilie Litomysl CZE"]
[Date "2003.12.31"]
[Round "8"]
[White "Vales,V"]
[Black "Mudrak,J"]
[Result "0-1"]
[WhiteElo "2213"]
[BlackElo "2387"]

1.d4 Nf6 2.Nf3 g6 3.c4 d6 4.Nc3 Bg7 5.e4 O-O 6.Be2 e5 7.O-O exd4 8.Nxd4 Re8
9.f3 c6 10.Rb1 Na6 11.Bg5 Qa5 12.Qd2 Nxe4 13.fxe4 Bxd4+ 14.Qxd4 Qxg5 15.Qxd6 Qc5+
16.Qxc5 Nxc5 17.Bf3 Be6 18.b3 Rad8 19.Rfd1 Kg7 20.Rxd8 Rxd8 21.Rd1 Rxd1+
22.Bxd1 a5 23.Kf2 Kf6 24.Ke3 Ke5 25.Bc2 Nd7 26.Nd1 f6 27.Nb2 Bf7 28.Nd3+ Kd6
29.Kd4 b6 30.Bd1 h5 31.h4 g5 32.g4 hxg4 33.hxg5 g3 34.Nf4 fxg5 35.Nh3 Be6
36.Ng1 Ne5 37.Ke3 a4 38.Bc2 Bg4 39.Bd3 Nxd3 40.Kxd3 a3  0-1

[Event "Open"]
[Site "Lilie Litomysl CZE"]
[Date "2004.01.01"]
[Round "9"]
[White "Gross,S"]
[Black "Groetz,H"]
[Result "1-0"]
[WhiteElo "2310"]
[BlackElo "2359"]

1.Nf3 Nf6 2.c4 g6 3.Nc3 Bg7 4.e4 d6 5.d4 O-O 6.Be2 e5 7.Be3 Ng4 8.Bg5 Qe8
9.dxe5 h6 10.Bh4 Nxe5 11.O-O Na6 12.Nd4 c6 13.Qd2 Nc5 14.f3 Ne6 15.Bf2 Qe7
16.Rad1 Re8 17.Rfe1 Bf8 18.Nc2 Qf6 19.Be3 g5 20.Nd4 Nf4 21.Bf1 Bg7 22.Kh1 Bd7
23.b3 Bf8 24.g3 Nfg6 25.Bg2 Rad8 26.Rf1 Bc8 27.Nde2 b6 28.Bd4 Qe7 29.f4 f6
30.Qc2 Nd7 31.e5 Qg7 32.exf6 Nxf6 33.fxg5  1-0

[Event "Hilton Chess Festival"]
[Site "Basel SUI"]
[Date "2004.01.02"]
[Round "3"]
[White "Benkovic,P"]
[Black "Gallagher,Jo"]
[Result "1/2-1/2"]
[WhiteElo "2436"]
[BlackElo "2524"]

1.Nf3 Nf6 2.c4 g6 3.Nc3 Bg7 4.e4 d6 5.d4 O-O 6.Be2 e5 7.O-O Na6 8.Re1 c6
9.Rb1 exd4 10.Nxd4 Re8 11.Bf1 Qb6 12.Na4 Qd8 13.Nc3 Qb6  1/2-1/2

[Event "ch-Commonwealth"]
[Site "Mumbai IND"]
[Date "2004.01.10"]
[Round "1"]
[White "Laxman,R"]
[Black "Koneru,H"]
[Result "1-0"]
[WhiteElo "2335"]
[BlackElo "2498"]

1.d4 d6 2.Nf3 Nf6 3.c4 g6 4.Nc3 Bg7 5.e4 O-O 6.Be2 Nbd7 7.O-O e5 8.Re1 Re8
9.d5 Nh5 10.Bg5 Bf6 11.Be3 Be7 12.Qd2 Ng7 13.Qc2 f5 14.Rad1 f4 15.Bc1 g5
16.Nd2 h5 17.b4 g4 18.g3 Rf8 19.Nf1 Bg5 20.c5 dxc5 21.bxc5 Nxc5 22.Ba3 b6
23.Na4 h4 24.Nxc5 bxc5 25.Bxc5 Rf6 26.Bb5 Bd7 27.Bc6 Bxc6 28.dxc6 Qe8 29.Rd5 hxg3
30.fxg3 Rxc6 31.Qd1 f3 32.h4 Bf6 33.Ne3 Qg6 34.Qb3 Re6 35.Rd7 Kh8 36.h5 Qe8
37.Rd2 Bg5 38.Rc2 Rc6 39.Nxg4 Ne6 40.Qd5 f2+ 41.Nxf2 Nd4 42.Bxd4 Rxc2 43.Bxe5+ Kh7
44.Bd4 Bh6 45.Ng4 Bg7 46.Qf5+ Kh8 47.Nf6 Qg8 48.Nxg8 Bxd4+ 49.Kh1 Rxg8 50.e5 Rf2
51.Qe4 c5 52.Re2 Rxe2 53.Qxe2 Rxg3 54.e6 Rg1+ 55.Kh2 Rg8 56.e7 Re8 57.Qe6 c4
58.Qh6+  1-0

[Event "CXSP"]
[Site "Sao Paulo BRA"]
[Date "2004.01.10"]
[Round "4"]
[White "Santos,MVM"]
[Black "Bachmann,Ax"]
[Result "0-1"]
[WhiteElo "2311"]
[BlackElo "2225"]

1.d4 g6 2.e4 Bg7 3.c4 d6 4.Nc3 Nd7 5.Nf3 e5 6.Be2 Ngf6 7.O-O O-O 8.Re1 Re8
9.Bf1 c6 10.d5 c5 11.a3 a5 12.h3 Nb6 13.b3 Bd7 14.Be3 Qc7 15.Nd2 Nh5 16.Rc1 Qd8
17.g3 Bf6 18.Nf3 Be7 19.Kh2 Ng7 20.Nd2 Bg5 21.f4 exf4 22.gxf4 Bh4 23.Re2 f5
24.Bg2 Nh5 25.e5 dxe5 26.fxe5 Bg3+ 27.Kg1 Bxe5 28.Bxc5 Nf4 29.Rxe5 Rxe5 30.Nf3 Re4
31.Bf1 Nc8 32.Qd2 Nh5 33.Nxe4 fxe4 34.Ng5 b6 35.Bd4 Nd6 36.Re1 Bf5 37.Bg2 a4
38.Nxe4 Bxe4 39.Bxe4 axb3 40.Bg2 Qh4 41.Bc3 Nxc4 42.Qe2 Nf4 43.Qe7 Qxe7 44.Rxe7 Nxg2
45.Rg7+ Kf8 46.Rxh7 Rxa3 47.Bb4+ Kg8 48.Bxa3 Kxh7 49.Kxg2 Kg7 50.d6 Na5 51.Kf3 Kf7
52.Kf4 Ke6 53.Kg5 Nc4 54.Bc1 Nxd6 55.Kxg6 Nc4 56.h4 b2 57.Bxb2 Nxb2 58.h5 Nc4
59.Kg5 b5 60.h6 Kf7  0-1